Cuisiner les oeufs - Statistiques

Statistiques générales
  • Ce quiz a été pris 1 226 fois
  • Le résultat moyen est 6 sur 12
Statistiques - réponses
Indices Oeuf(s) % Correct
Cuit 9 minutes en coquille dans l'eau bouillante Dur
93%
Cuit battu à la poêle Omelette
92%
Cuit battu et mélangé dans une poêle Brouillé
83%
Cuit 6 minutes dans sa coquille Mollet
82%
Cuit 3 minutes dans sa coquille Coque
73%
Cuit non battu à la poêle Au plat
72%
Cuit dans un tourbillon d'eau bouillante Poché
69%
Cuit au four dans un ramequin Cocotte
48%
Cuit non battu à la poêle jusqu'à devenir croustillant Frit
21%
Cuit battu à la poêle avec les blancs en neige Omelette soufflée
4%
Cuit ferme puis craquelé et teinté Marbré
2%
Cuit 7mn30 en coquille dans l'eau bouillante Crémeux
1%
Aucun quiz correspondant
Distribution des résultats
% des personnes avec chaque résultat
Percentile par nombre de réponses
Votre historique - résultats
Vous n’avez pas pris ce quiz